00305nam a22001337a 4500003000400000020001800004082001800022100003200040245003000072250001200102260003200114300000800146650001700154SGT a9780323930710 a617.643bC26F aFields, Henry W... et. al.  aContemporary Orthodontics a7th Ed. aNetherlandsbElsevierc2026 a800 aOrthodontics